| 000 | 00748cam a22002653a 4500 | ||
|---|---|---|---|
| 001 | 22429 | ||
| 003 | PGUSA | ||
| 005 | 20140828083457.0 | ||
| 008 | 070829s2007||||xxu|||||s|||||000 | eng d | ||
| 040 |
_aPGUSA _beng |
||
| 042 | _adc | ||
| 050 | 4 | _aD501 | |
| 050 | 4 | _aAP | |
| 100 | 1 | _aL'Illustration | |
| 245 | 1 | 0 |
_aL'Illustration — N° 3728 — SAMEDI LE 8 AOÛT 1914 _h[electronic resource] / _cL'Illustration |
| 260 |
_bProject Gutenberg, _c2007 |
||
| 500 | _a72e Année. | ||
| 506 | _aPublic domain in the USA. | ||
| 516 | _aElectronic text | ||
| 653 | _aWorld War, 1914-1918 | ||
| 653 | _aIllustrated periodicals -- France | ||
| 830 | 0 |
_aProject Gutenberg _v22429 |
|
| 856 | 4 | 0 | _uhttp://www.gutenberg.org/ebooks/22429 |
| 942 | _cEB | ||
| 999 |
_c251684 _d251684 |
||